| 000 | 00421cam a22001217a 4500 | ||
|---|---|---|---|
| 008 | 180718b1986 xxu||||| |||| 00| 0 eng d | ||
| 082 | _aRx54 B556 | ||
| 245 |
_aChanging division of labor in South Asia: women and men in India's society, economy, and politics _cedited by James Warner Bjorkman |
||
| 260 |
_aRiverdale _bThe Riverdale _c1986 |
||
| 300 | _a152p. | ||
| 650 | _aLabour - India | ||
| 700 | _aBjorkman, James Warner | ||
| 999 |
_c379458 _d379458 |
||